<?xml version="1.0" encoding="UTF-8"?>
<record
    xmlns:xsi="http://www.w3.org/2001/XMLSchema-instance"
    xsi:schemaLocation="http://www.loc.gov/MARC21/slim http://www.loc.gov/standards/marcxml/schema/MARC21slim.xsd"
    xmlns="http://www.loc.gov/MARC21/slim">

  <leader>01744cam a2200361 a 4500</leader>
  <controlfield tag="001">13536259</controlfield>
  <controlfield tag="005">20220326193342.0</controlfield>
  <controlfield tag="008">040325s2000    nmua     bc   000 0deng d</controlfield>
  <datafield tag="010" ind1=" " ind2=" ">
    <subfield code="a">  2004298066</subfield>
  </datafield>
  <datafield tag="020" ind1=" " ind2=" ">
    <subfield code="a">0890133786</subfield>
  </datafield>
  <datafield tag="035" ind1=" " ind2=" ">
    <subfield code="a">(OCoLC)ocm46805339</subfield>
  </datafield>
  <datafield tag="040" ind1=" " ind2=" ">
    <subfield code="a">COO</subfield>
    <subfield code="c">COO</subfield>
    <subfield code="d">PMC</subfield>
    <subfield code="d">CUS</subfield>
    <subfield code="d">DLC</subfield>
  </datafield>
  <datafield tag="041" ind1="0" ind2=" ">
    <subfield code="a">engspa</subfield>
  </datafield>
  <datafield tag="042" ind1=" " ind2=" ">
    <subfield code="a">lccopycat</subfield>
  </datafield>
  <datafield tag="082" ind1="0" ind2="0">
    <subfield code="a">759.972.91</subfield>
    <subfield code="b">G216c</subfield>
  </datafield>
  <datafield tag="100" ind1="1" ind2=" ">
    <subfield code="a">Garciand&#xED;a, Flavio,</subfield>
    <subfield code="d">1954-</subfield>
    <subfield code="9">4629</subfield>
  </datafield>
  <datafield tag="245" ind1="1" ind2="0">
    <subfield code="a">Clyfford Still picking mangos in the patio :</subfield>
    <subfield code="b">Flavio Garciand&#xED;a was there /</subfield>
    <subfield code="c">essay by Juan Antonio Molina.</subfield>
  </datafield>
  <datafield tag="246" ind1="1" ind2="4">
    <subfield code="a">Flavio Garciand&#xED;a, recent works</subfield>
  </datafield>
  <datafield tag="260" ind1=" " ind2=" ">
    <subfield code="a">Santa Fe [N.M.] :</subfield>
    <subfield code="b">Museum of Fine Arts in collaboration with Galer&#xED;a Ramis Barquet, Monterrey, Mexico and New York :</subfield>
    <subfield code="b">Museum of New Mexico Press,</subfield>
    <subfield code="c">c2000.</subfield>
  </datafield>
  <datafield tag="300" ind1=" " ind2=" ">
    <subfield code="a">1 v. (unpaged) :</subfield>
    <subfield code="b">ill. (col.) ;</subfield>
    <subfield code="c">22 cm</subfield>
  </datafield>
  <datafield tag="500" ind1=" " ind2=" ">
    <subfield code="a">"Published to coincide with the exhibition 'Clyfford Still picking mangos in the patio (Flavio Garciand&#xED;a was there),' organized by Museum of Fine Arts, Santa Fe, in association with Galer&#xED;a Ramis Barquet, Monterrey, Mexico"--Colophon.</subfield>
  </datafield>
  <datafield tag="504" ind1=" " ind2=" ">
    <subfield code="a">Includes bibliographical references.</subfield>
  </datafield>
  <datafield tag="546" ind1=" " ind2=" ">
    <subfield code="a">Text in English and Spanish.</subfield>
  </datafield>
  <datafield tag="600" ind1="1" ind2="0">
    <subfield code="a">Garciand&#xED;a, Flavio,</subfield>
    <subfield code="d">1954-</subfield>
    <subfield code="v">Exhibiciones</subfield>
    <subfield code="9">4635</subfield>
  </datafield>
  <datafield tag="650" ind1=" " ind2=" ">
    <subfield code="a">Arte</subfield>
    <subfield code="z">Cuba</subfield>
    <subfield code="9">4631</subfield>
  </datafield>
  <datafield tag="650" ind1=" " ind2=" ">
    <subfield code="a">Exhibiciones-Museo Nuevo M&#xE9;xico</subfield>
    <subfield code="9">4636</subfield>
  </datafield>
  <datafield tag="650" ind1=" " ind2=" ">
    <subfield code="a">Pintura Cubana</subfield>
    <subfield code="9">4633</subfield>
  </datafield>
  <datafield tag="700" ind1="1" ind2=" ">
    <subfield code="a">Molina, Juan Antonio,</subfield>
    <subfield code="d">1965-</subfield>
    <subfield code="9">4637</subfield>
  </datafield>
  <datafield tag="710" ind1="2" ind2=" ">
    <subfield code="a">Museum of Fine Arts (Museum of New Mexico)</subfield>
    <subfield code="9">4638</subfield>
  </datafield>
  <datafield tag="710" ind1="2" ind2=" ">
    <subfield code="a">Galer&#xED;a Ramis Barquet (Garza Garc&#xED;a, Mexico)</subfield>
    <subfield code="9">4634</subfield>
  </datafield>
  <datafield tag="906" ind1=" " ind2=" ">
    <subfield code="a">7</subfield>
    <subfield code="b">cbc</subfield>
    <subfield code="c">copycat</subfield>
    <subfield code="d">2</subfield>
    <subfield code="e">ncip</subfield>
    <subfield code="f">20</subfield>
    <subfield code="g">y-gencatlg</subfield>
  </datafield>
  <datafield tag="999" ind1=" " ind2=" ">
    <subfield code="c">847</subfield>
    <subfield code="d">847</subfield>
  </datafield>
  <datafield tag="952" ind1=" " ind2=" ">
    <subfield code="0">0</subfield>
    <subfield code="1">0</subfield>
    <subfield code="2">ddc</subfield>
    <subfield code="4">0</subfield>
    <subfield code="7">0</subfield>
    <subfield code="a">LV</subfield>
    <subfield code="b">LV</subfield>
    <subfield code="c">Monograf&#xED;as</subfield>
    <subfield code="d">2016-02-01</subfield>
    <subfield code="l">0</subfield>
    <subfield code="o">759.972.91 G216c</subfield>
    <subfield code="p">000783</subfield>
    <subfield code="r">2016-02-01 00:00:00</subfield>
    <subfield code="w">2016-02-01</subfield>
    <subfield code="y">01</subfield>
  </datafield>
</record>
